Detalles MARC
| 000 -LIDER |
| fixed length control field |
01107nam a22003137a 4500 |
| 003 - IDENTIFICACDOR DE NÚMERO DE CONTROL |
| control field |
DO-SdBNP |
| 005 - DATE AND TIME OF LATEST TRANSACTION |
| control field |
20250616113825.0 |
| 008 - ELEMENTOS DE LONGITUD FIJA |
| fixed length control field |
161123b 1994 sp a| 00| 0 spa d |
| 020 ## - ISBN |
| International Standard Book Number |
9788434825734 |
| 040 ## - FUENTE DE CATALOGACIÓN |
| Agencia que crea de manera original el registro |
BPMSU |
| Idioma de catalogación |
spa |
| Agencia que realiza la transcripción |
BPMSU |
| 082 #4 - NÚMERO DE CLASIFICACIÓN DECIMAL DE DEWEY |
| Classification number |
823.91 |
| Item number |
W266s 1994 |
| Edition number |
22 |
| 100 1# - ASIENTO PRINCIPAL -- NOMBRE PERSONAL |
| Nombre personal |
Wardle, Terry |
| Mención de responsabilidad |
autor |
| 245 10 - MENCIÓN DE TITULO |
| Título |
La suma más difícil del mundo / |
| Mención de responsabilidad |
Terry Wardle ; ilustración Benoit Jacques ; traducción María Cristina Espejer |
| 250 ## - MENCIÓN DE EDICION |
| Mención de edición |
5a. ed. |
| 264 ## - PRODUCTION, PUBLICATION, DISTRIBUTION, MANUFACTURE, AND COPYRIGHT NOTICE |
| Place of production, publication, distribution, manufacture |
Madrid : |
| Name of producer, publisher, distributor, manufacturer |
SM, |
| Date of production, publication, distribution, manufacture, or copyright notice |
1994 |
| 300 ## - DESCRIPCIÓN FÍSICA |
| Extensión |
119 páginas . : |
| Otros detalles físicos |
ilustraciones ; |
| Dimensiones |
19 cm. |
| 336 ## - CONTENT TYPE |
| Content type term |
texto |
| Content type code |
txt |
| Source |
rdacontent |
| 337 ## - MEDIA TYPE |
| Media type term |
sin mediación |
| Media type code |
n |
| Source |
rdamedia |
| 338 ## - CARRIER TYPE |
| Carrier type term |
volumen |
| Carrier type code |
nc |
| Source |
rdacarrier |
| 490 0# - MENCIÓN DE SERIES |
| Mención de serie |
El barco de vapor , |
| -- |
Serie naranja ; |
| Volume/sequential designation |
54/61 |
| 521 1# - TARGET AUDIENCE NOTE |
| Target audience note |
A partir de los 9 años |
| 534 ## - NOTA SOBRE LA VERSIÓN ORIGINAL |
| Frase introductoria |
Título original : |
| Mención del título original |
The hardest summ in the world. |
| 590 ## - NOTA LOCAL |
| Texto de la nota local |
Inventariado, 2025/VM |
| 650 #7 - ENCABEZAMIENTO DE MATERIA--TEMÁTICO |
| Término temático o nombre geográfico como elemento de entrada |
Literatura infantil inglesa. |
| 700 1# - ASIENTO SECUNDARIO -- NOMBRE PERSONAL |
| Nombre personal |
Espejel, María Cristina, |
| Mención de responsabilidad |
traductora |
| 700 1# - ASIENTO SECUNDARIO -- NOMBRE PERSONAL |
| Nombre personal |
Jacque, Benoit |
| Mención de responsabilidad |
ilustraciones |
| 910 ## - VALIDACIÓN |
| Validación |
VMateo V. Control de calidad. BPMSU |
| 942 ## - ADDED ENTRY ELEMENTS (KOHA) |
| Source of classification or shelving scheme |
Dewey Decimal Classification |
| Koha item type |
Libros |